Studies on Persianate Societies: Volume 2 (2004/1383) : پژوهش در جوامع فارسىزبان: ۱ (۳۸٣۱/۴٠٠٢) /
Studies on Persianate Societies is an interdisciplinary publication that offers original research on the culture and civilisation of the geographical area where Persian has historically been the dominant language or a major cultural force, encompassing Iran, Afghanistan and Tajikistan, as well as th...
مؤلفون آخرون:
التنسيق: كتاب الكتروني
اللغة:
English
Persian
منشور في:
Leiden ; Boston :
Brill,
2004.
سلاسل:
Middle East and Islamic Studies E-Books Online, Collection 2025.
الموضوعات:
الوصول للمادة أونلاين: Login to view Source
الوسوم: إضافة وسم
رقم الطلب: HC492
| LEADER | 04778nam a22005058i 4500 | ||
|---|---|---|---|
| 001 | BRILL9789004732728 | ||
| 003 | nllekb | ||
| 005 | 20250326200240.0 | ||
| 006 | m d | ||
| 007 | cr un uuuua | ||
| 008 | 250121s2004 gw sb 001 0 eng d | ||
| 020 | |a 9789004732728 |q (electronic book) | ||
| 020 | |z 9788173046674 |q (print) | ||
| 024 | 7 | |a 10.1163/9789004732728 |2 DOI | |
| 035 | |z (OCoLC)1483639794 | ||
| 040 | |a NL-LeKB |c NL-LeKB |e rda | ||
| 041 | |a eng |a per | ||
| 050 | 4 | |a HC492 | |
| 072 | 7 | |a HBJF1 |2 bicssc | |
| 072 | 7 | |a HIS |x 003000 |2 bisacsh | |
| 072 | 7 | |a HIS |x 026000 |2 bisacsh | |
| 082 | 0 | 4 | |a 301.0951 |2 23 |
| 245 | 0 | 0 | |a Studies on Persianate Societies: Volume 2 (2004/1383) : |b پژوهش در جوامع فارسىزبان: ۱ (۳۸٣۱/۴٠٠٢) / |c edited by Saïd Amir Arjomand. |
| 246 | 3 | |a پژوهش در جوامع فارسىزبان: ۱ (۳۸٣۱/۴٠٠٢) | |
| 264 | 1 | |a Leiden ; |a Boston : |b Brill, |c 2004. | |
| 264 | 4 | |c ©2004 | |
| 300 | |a 1 online resource (232 pages) : |b illustrations. | ||
| 336 | |a text |b txt |2 rdacontent | ||
| 337 | |a computer |b c |2 rdamedia | ||
| 338 | |a online resource |2 rdacarrier | ||
| 490 | 1 | |a Middle East and Islamic Studies E-Books Online, Collection 2025 | |
| 504 | |a Includes bibliographical references and index. | ||
| 505 | 0 | |t From the Editor -- Social Sciences and the Appropriation of Persianate Historical Memory (Presidential Address) -- Saïd Amir Arjomand -- Babylonian Civil Judicial System in the E-anna Temple District of Uruk under Cyrus and Cambyses of the Old Persian Empire -- Wu Yuhong -- Love, Passion and Reason: The Poet Fayzi and his Nal-Daman -- Muzaffar Alam and Sanjay Subrahmanyam -- The Context and the Audience of the Early Malfuz Writings in India -- Ishtiyaq Ahmad Zilli -- Embodiment, Metaphor, and Meaning in the Devotional Music and Poetry of Badakhshan, Tajikistan -- Benjamin Koen -- Symposium I: Persianate Anatolia and The Early Ottoman Empire -- Local Identity and Medieval Anatolian Historiography: Anavi's Anis al-qolub and Ahmad of Niğde's Walad al-shafiq -- A.C.S. Peacock -- Persianate Sources on Anatolia and the Early History of the Ottomans -- Linda T. Darling -- Persian in the Service of the Sultan: Historical Writing in Persian under the Ottomans during the Fifteenth and Sixteenth Centuries -- Sara Nur Yildiz -- Symposium II: Linguistics -- Plural Marking in New West Iranian Languages and Dialects: A Historical and Typological Approach -- Hassan Rezai Baghbidi and Behrooz Mahmoodi-Bakhtiari -- برخي از واژه هاي كهن در گويش هاي تاجيكي (Some Ancient Words in the Tajik Dialects) -- دادخدا سيم الدين اف ( Dodikhudo Saymiddinov ) معادلهاى گوناگون آوايى أفعال ساده وافعال داراى پيشوندهاى تاريخى در گرشاسبنامه اسدي طوسي (قرن ۱۱ ميلادي) (Different Phonetic Variants of Persian Simple Verbs and Verbs with Historical Prefixes in Asadi Tusi's Garshāsb-nāma ) -- بحرالدين على اف (علوى) ( Bahriddin Aliev ) -- Book Surveys -- Survey of Publications in South Asia on Persianate Studies -- Ishtiyaq Ahmad Zilli -- Books and Periodicals on Persianate Studies Published in Russia -- Alexei A. Khismatulin -- وضعيت نشر كتاب هاي علوم انساني سال ٢٨٣١ در ايران -- (Books Published in Iran in the Human Sciences in 1382 [2003-4]) رضا نجفي ( Reza Najafi ). | |
| 520 | |a Studies on Persianate Societies is an interdisciplinary publication that offers original research on the culture and civilisation of the geographical area where Persian has historically been the dominant language or a major cultural force, encompassing Iran, Afghanistan and Tajikistan, as well as the Caucasus, Central Asia, the Indian Subcontinent, and parts of the former Ottoman Empire. It also offers regular surveys of relevant books published in Iran, India and Pakistan, Russia and the Commonwealth of Independent States. This publication is the predecessor of the Journal of Persianate Studies. | ||
| 546 | |a English and Persian | ||
| 588 | |a Description based on print version record. | ||
| 650 | 0 | |a Iranian languages |v Periodicals. | |
| 650 | 0 | |a Iranian languages. | |
| 651 | 0 | |a Turkey |x Social conditions |v Periodicals. | |
| 700 | 1 | |a Arjomand, Saïd Amir, |e editor. | |
| 776 | 0 | 8 | |i Print version: |t Studies on Persianate Societies: Volume 2 (2004/1383) : پژوهش در جوامع فارسىزبان: ۱ (۳۸٣۱/۴٠٠٢). |d Leiden ; Boston : Brill, 2004. |z 9788173046674 |w (OCoLC)1483639794 |
| 830 | 0 | |a Middle East and Islamic Studies E-Books Online, Collection 2025. | |
| 856 | 4 | |z DOI: |u http://dx.doi.org/10.1163/9789004732728 | |
| 942 | |2 lcc |c EBOOK | ||
| 999 | |c 60578 |d 60578 | ||
